University Home | Library Home | Institutional Repository

Manuel de linguistique Bantoue. (Record no. 164223)

MARC details
000 -LEADER
fixed length control field 00719cam9a220020500 4500
001 - CONTROL NUMBER
control field qcf00354255
005 - DATE AND TIME OF LATEST TRANSACTION
control field 20190826102357.0
008 - FIXED-LENGTH DATA ELEMENTS--GENERAL INFORMATION
fixed length control field 790330s1949 be b 000 0 fre d
035 ## - SYSTEM CONTROL NUMBER
System control number (Sirsi) r105071
035 ## - SYSTEM CONTROL NUMBER
System control number (QCAT)lss02282766
035 ## - SYSTEM CONTROL NUMBER
System control number (UPRA)qcf00354255
040 ## - CATALOGING SOURCE
Modifying agency UPRA
100 1# - MAIN ENTRY--PERSONAL NAME
Personal name Bulck, Gaston van.
Linkage A62069.1
245 10 - TITLE STATEMENT
Title Manuel de linguistique Bantoue.
260 ## - PUBLICATION, DISTRIBUTION, ETC.
Place of publication, distribution, etc. Bruxelles :
Name of publisher, distributor, etc. libr. Falk, G. van Campenhout,
Date of publication, distribution, etc. 1949.
490 0# - SERIES STATEMENT
Series statement Institut royal colonial belge. Section des sciences morales et politiques. Memoires. Collection in-8 ;
Volume/sequential designation t. 17, fasc. 3 et dernier
Linkage S9901.2
650 #0 - SUBJECT ADDED ENTRY--TOPICAL TERM
Topical term or geographic name entry element Bantu languages.
Linkage S3923.1
949 ## - LOCAL PROCESSING INFORMATION (OCLC)
a DT1.A2
w lcc
i -149256
m MAIN
t BOOK
l ON-SHELF

No items available.

© 2026 - The University of Zambia Library - Koha v25.11